Software engineering for Internet applications (Record no. 3805)

MARC details
000 -LEADER
fixed length control field 00834 a2200253 4500
010 ## - LIBRARY OF CONGRESS CONTROL NUMBER
LC control number ENG-85962
020 ## - INTERNATIONAL STANDARD BOOK NUMBER
International Standard Book Number 8120330412
Terms of availability 295.00
035 ## - SYSTEM CONTROL NUMBER
System control number EN-69495
037 ## - SOURCE OF ACQUISITION
Source of stock number/acquisition D.B.Act / Pub
082 14 - DEWEY DECIMAL CLASSIFICATION NUMBER
Classification number 005.1
090 ## - LOCALLY ASSIGNED LC-TYPE CALL NUMBER (OCLC); LOCAL CALL NUMBER (OCLC)
-- 3884
-- 3884
100 1# - MAIN ENTRY--PERSONAL NAME
Personal name Andersson, Eve Astrid.
245 1# - TITLE STATEMENT
Title Software engineering for Internet applications
Statement of responsibility, etc Eve Andersson, Philip Greenspun, and Andrew Grumet.
260 ## - PUBLICATION, DISTRIBUTION, ETC. (IMPRINT)
Place of publication, distribution, etc New Delhi
Name of publisher, distributor, etc Prentice-Hall of India
Date of publication, distribution, etc c2006.
300 ## - PHYSICAL DESCRIPTION
Extent viii, 399 p.
Other physical details ill. ;
Dimensions 23 cm. (Pbk)
500 ## - GENERAL NOTE
General note Includes index.
650 #0 - SUBJECT ADDED ENTRY--TOPICAL TERM
Topical term or geographic name as entry element Internet programming.
650 #0 - SUBJECT ADDED ENTRY--TOPICAL TERM
Topical term or geographic name as entry element Application software.
650 #0 - SUBJECT ADDED ENTRY--TOPICAL TERM
Topical term or geographic name as entry element Software engineering.
700 1# - ADDED ENTRY--PERSONAL NAME
Personal name Greenspun, Philip.
700 1# - ADDED ENTRY--PERSONAL NAME
Personal name Grumet, Andrew.
942 ## - ADDED ENTRY ELEMENTS (KOHA)
Institution code [OBSOLETE] dpl
Koha item type English Books
Call number prefix 005.1 / AND
Holdings
Withdrawn status Lost status Source of classification or shelving scheme Damaged status Not for loan Collection code Home library Current library Source of acquisition Cost, normal purchase price Total Checkouts Full call number Barcode Date last seen Copy number Uniform Resource Identifier Cost, replacement price Price effective from Koha item type
    Dewey Decimal Classification   Not For Loan Non-fiction D.B.Act.Division D.B.Act.Division DBAD/PUB 295.00   005.1 AND EN-69495 15/09/2008 1 4041 295.00 15/09/2008 English Books

© Delhi Public Library
Hit Counter
free hit counter